Southville International School and Colleges
Your cart is empty.
  • Cart
  • Lists
    Public lists Eva Luna New books Lux_list list_1
    Your lists Log in to create your own lists
  • Log in to your account
  • Your cookies
  • Search history
Southville International School and Colleges
  • Advanced search
  • Recent comments
  • Most popular
  • Libraries

Log in to your account

Log in with GOOGLE


If you do not have an external account, but do have a local account, you can still log in:

  1. Home
  2. MARC view: Research methods for counseling :
Normal view MARC view ISBD view

Research methods for counseling : (Record no. 276772)

[ view plain ]
MARC details
000 -LEADER
fixed length control field 01014cam a2200265 i 4500
001 - CONTROL NUMBER
control field 17509660
003 - CONTROL NUMBER IDENTIFIER
control field PILC
005 - DATE AND TIME OF LATEST TRANSACTION
control field 20160205151534.0
008 - FIXED-LENGTH DATA ELEMENTS--GENERAL INFORMATION
fixed length control field 121026s2014 caua b 001 0 eng
010 ## - LIBRARY OF CONGRESS CONTROL NUMBER
LC control number 2012039563
020 ## - INTERNATIONAL STANDARD BOOK NUMBER
International Standard Book Number 9781452203942 (pbk.)
040 ## - CATALOGING SOURCE
Original cataloging agency DLC
Transcribing agency DLC
Description conventions rda
Modifying agency DLC
042 ## - AUTHENTICATION CODE
Authentication code pcc
050 00 - LIBRARY OF CONGRESS CALL NUMBER
Classification number BF 636.6
Item number .W75 2014
082 00 - DEWEY DECIMAL CLASSIFICATION NUMBER
Classification number 158.3072
100 1# - MAIN ENTRY--PERSONAL NAME
Personal name Wright, Robert J.,
Dates associated with a name 1945-
245 10 - TITLE STATEMENT
Title Research methods for counseling :
Remainder of title an introduction /
Statement of responsibility, etc Robert J. Wright, Widener University.
260 ## - PUBLICATION, DISTRIBUTION, ETC. (IMPRINT)
Place of publication, distribution, etc Los Angeles :
Name of publisher, distributor, etc SAGE,
Date of publication, distribution, etc 2014.
300 ## - PHYSICAL DESCRIPTION
Extent xxi, 598 pages :
Other physical details illustrations ;
Dimensions 24 cm
500 ## - GENERAL NOTE
General note Includes bibliographical references and index.
650 #0 - SUBJECT ADDED ENTRY--TOPICAL TERM
Topical term or geographic name as entry element Counseling
General subdivision Research
-- Methodology.
906 ## - LOCAL DATA ELEMENT F, LDF (RLIN)
a 7
b cbcp
c orignew
d 1
e ecip
f 20
g y-gencatlg
942 ## - ADDED ENTRY ELEMENTS (KOHA)
Source of classification or shelving scheme Library of Congress Classification
Koha item type Books
Call number prefix Foreign
Holdings
Withdrawn status Lost status Source of classification or shelving scheme Damaged status Home library Current library Shelving location Date acquired Source of acquisition Total Checkouts Total Renewals Full call number Barcode Date last seen Date checked out Price effective from Koha item type
    Library of Congress Classification   College Library College Library Graduate Section 11/10/2014 Library Fund 1 2 BF 636.6 .W75 2014 C18891 06/05/2020 01/28/2020 11/10/2014 Books

Research methods for counseling :

APA

Wright R. J., . (2014). Research methods for counseling. Los Angeles: SAGE.

Chicago

Wright Robert J, . 2014. Research methods for counseling. Los Angeles: SAGE.

Harvard

Wright R. J., . (2014). Research methods for counseling. Los Angeles: SAGE.

MLA

Wright Robert J, . Research methods for counseling. Los Angeles: SAGE. 2014.

  • Place hold
  • Print
  • Cite
  • Add to your cart (remove)
  • Save record
    BIBTEX Dublin Core MARCXML MARC (non-Unicode/MARC-8) MARC (Unicode/UTF-8) MARC (Unicode/UTF-8, Standard) MODS (XML) RIS
  • More searches
    Search for this title in:
    Other Libraries (WorldCat) Other Databases (Google Scholar) Online Stores (Bookfinder.com) Open Library (openlibrary.org)

Exporting to Dublin Core...

SOUTHVILLE LIBRARY

Southville International School and Colleges Library

1281 Tropical Ave. Cor. Luxembourg St., BF Homes International, Las Pinas City

Tel. No. 8256374 / 252358 Loc. 117/146

Powered by Koha